00813nam a2200169 a 450000100100000000500170001000800410002704000250006808200150009311001140010824501280022226000530035030000280040304900090043195201860044099900170062600003585420200930074652.0111115s1955 cu c 000 0 spa d aDO-SdBNPbspacBNPHU axxxxbU58p2 aUniversidad de Oriente (Santiago de Cuba, Cuba).bDepartamento de Extensión y Relaciones Culturales.96183410aPensamiento y acción de José Martí :bconferencias y ensayos ofrecidos con motivo del 1. centenario de su nacimiento. aSantiago, Cuba :bUniversidad de Oriente,c1955. a432 p. :bil. ;c23 cm. aBNGR 001050718MOaGRbGRcCTd2011-11-15iLF1l0oxxxx U58pp35854-10r2020-06-25w2020-06-25y1zPerteneció a la biblioteca personal de Juan Isidro Jimenes GrullónZNo se presta c35345d35345